000
00189nam a2200085 4500
001
1234083
005
20250926112910.0
245
_a
FEN KÖYÜ BÜYÜYOR
_c
DURSUN GÜZEL
260
_b
MODEL ÇOCUK
999
_c
1234083
_d
1234083